Welcome to CU Library Online Public Access Catalogue (OPAC)

THE EXPOSITOR'S BIBLE COMMENTARY (Record no. 7284)

MARC details
000 -LEADER
fixed length control field 00375nam a22001337a 4500
005 - DATE AND TIME OF LATEST TRANSACTION
control field 20250818130742.0
008 - FIXED-LENGTH DATA ELEMENTS--GENERAL INFORMATION
fixed length control field 250818b |||||||| |||| 00| 0 eng d
050 ## - LIBRARY OF CONGRESS CALL NUMBER
Classification number BS 491
Item number .2 EXP
245 ## - TITLE STATEMENT
Title THE EXPOSITOR'S BIBLE COMMENTARY
Statement of responsibility, etc. FRANK E. GAEBELEIN
250 ## - EDITION STATEMENT
Edition statement VOL 1,2, 5 8
260 ## - PUBLICATION, DISTRIBUTION, ETC.
Place of publication, distribution, etc. MICHIGAN
Name of publisher, distributor, etc. ZONDERVAN PUBLISHING
Date of publication, distribution, etc. c1984
300 ## - PHYSICAL DESCRIPTION
Extent xvi,; 734p.;
942 ## - ADDED ENTRY ELEMENTS (KOHA)
Source of classification or shelving scheme Library of Congress Classification
Koha item type Reference
Suppress in OPAC No
999 ## -
-- 7284
-- 7284

No items available.

© 2023-2024 Copyright: Central University Libraries. All Rights Reserved | Created by: Mahone Tech Office